000 00461nam a2200193Ia 4500
005 20250423094223.0
008 250422s9999 xx 000 0 und d
020 _a0-7641-2815-8
050 _aPE1449.B68
100 _aMurray Bromberg
245 0 _a504 Absolutely essential words
250 _aFifth Edition
260 _aNew York
260 _bBarron's
260 _c1975
300 _a172 p
650 _aVocabulary Problems Exercises
942 _cBK
999 _c26625
_d26625